Dingbats #10 - Statistics

General Stats
  • This quiz has been taken 77 times
  • The average score is 7 of 16
Answer Stats
Picture Answer % Correct
Mile-high club
78%
Pinch of salt
78%
Rat race
71%
Feeling under the weather
69%
Talk double Dutch
66%
Amateur hour
60%
Holy water
60%
Speak of the Devil
56%
Scrambled eggs
51%
Ham radio
47%
Cornerstone
29%
Hell bent
25%
Chalk up
18%
Firebrand
12%
Toy boy
9%
Worldwide
9%
No matching quizzes found
Score Distribution
Percent of People with Each Score
Percentile by Number Answered
Your Score History
You have not taken this quiz